| 000 | 01199nam a2200313 i 4500 | ||
|---|---|---|---|
| 001 | 62291 | ||
| 003 | Mx-PuUPA | ||
| 005 | 20250424124031.0 | ||
| 008 | 150320s2018 sp gr 001 0 spa d | ||
| 017 | _aM-5.152-2018 | ||
| 020 | _a9788491711421 | ||
| 040 |
_cMx-PuUPA _aMx-PuUPA _bspa _dMx-PuUPA _erda |
||
| 041 | 0 | _aspa | |
| 100 | 1 |
_aCorral Varela, Montserrat, _eautor _916976 |
|
| 245 | 1 | 0 |
_aEvaluación neuropsicológica de la memoria/ _cMontserrat Corral Varela ; Fernando Maestú Unturbe, Nuria Paúl Lapedriza, coordinadores |
| 264 | 1 |
_aMadrid, España : _bEditorial Síntesis, _c[2018?] |
|
| 300 |
_a248 páginas ; _c22 cm |
||
| 336 |
_atexto _2rdacontent _btxt |
||
| 337 |
_asin medio _2rdamedia _bn |
||
| 338 |
_avolumen _2rdacarrier _bnc |
||
| 490 | 0 |
_aBiblioteca de Neuropsicología ; _aGuías prácticas de evaluación neuropsicológica ; _v35 |
|
| 650 | 7 |
_2armarc _913986 |
|
| 700 | 1 |
_aMaestú Unturbe, Fernando, _ecoordinador |
|
| 700 | 1 |
_aPaúl Lapedriza, Nuria _ecoordinador |
|
| 942 |
_2ddc _cLI _h612.823312 _iC78 |
||
| 999 |
_c62291 _d62291 |
||